000 00603nam a2200205 i 4500
001 bgj
100 1 _aPASTERNAK, Boris
_d(1890-1960)
245 1 0 _aDoctor Zhivago /
_cBoris Pasternak ; translated from the Russian by Max Hayward.
260 _aNew York :
_bThe New American Library,
_ccop. 1958.
300 _a456 pp ;
_c18 cm.
490 1 _aSignet Books
650 9 _aNon-English literature
650 9 _aRussian literature
700 1 _aHAYWARD, Max.
_etranslator
830 _aSignet Books
040 _cBPK
041 0 _aeng
_hrus
942 _cKS
008 s uk f |000 0 eng
999 _c48810
_d48810
856 _uhttp://koha.tu.koszalin.pl/cgi-bin/koha/opac-detail.pl?biblionumber=48810
_yKatalog online BPK